LEADER 01113nam a2200265 i 4500 001 000000193492 003 CaOOAMICUS 005 20150420000000.0 008 150420s1955 it u000 u ita u 013 $a172135 040 $aSeMil$bita 100 1 $aCaminada, Costantino .$0(OLS)http://semarc/name/19229 245 12$aL'apostolo delle morette :$bdon Biagio Verri /$cCostantino Caminada ; prefazione di Filippo Meda. 250 $a3. ed. 260 $aCinisello Balsamo (MI) :$bPaoline,$c1955. 300 $a170 p. ;$c18 cm. 500 $aFondo card. Giovanni Colombo. 600 14$aVerri, Biagio .$0(OLS)http://semarc/subject/16594 700 1 $aMeda, Filippo,$d<1869-1939>.$0(OLS)http://semarc/name/53541 850 $aSeMil 852 $aSeMil$W1$xVenegono$y1$m3GC I 284$j144066$B144066$CSeMilBibl$Z2$F155511 $8B 941 1 $a3 961 $aLascito: Colombo Card. Giovanni 996 $6245$aL'apostolo delle morette :$bdon Biagio Verri$9(OLS)http://semarc/title/278929 996 $6260$aCinisello Balsamo (MI) :$bPaoline$9(OLS)http://semarc/publisher/29714 LEADER 00550naa a2200145 i 4500 001 000000302897 003 CaOOAMICUS 005 20180831172750.0 008 180831n xx u000 u und u 013 $a10632 040 $aSeMil$bita 100 1 $aLuzzani, A.$0(OLS)http://semarc/name/86933 245 13$aIl punto di vista di un anestesista-rianimatore. 773 0 $tOltre l'eutanasia e l'accanimento.$dBologna : EDB, 1991.$kEtica teologica oggi$z88-10-40459-9$w()36776 996 $6245$aIl punto di vista di un anestesista-rianimatore$9(OLS)http://semarc/title/378862